1377 1046 1627 1410 1302 1946 1936 1952 1839 1317 1786 1079 1739 1161 1121 1591 1630 1328 1230 1450 1325 1369 1065 1944 1159 1979 1707 1324 1602 1504 1541 1222 1733 1429 1288 1496 1275 1875 1185 1245 1079 1289 1281 1232 1097 1607 1831 1810 1379 1527 1118 1281 1888 1735 1976 1418 1203 1842 1320 1368 1810 1056 1805 1204 1105 1852 1753 1617 1289 1714 1332 1320 1839 1019 1234 1576 1362 1685 1499 1350 1619 1827 1334 1013 1796 1890 1859 1662 1371 1857 1068 1649 1065 1597 1222 1167 1148 1213 1438 BCNSPRNW ULIB Ver.6.0+V

เปลี่ยนเป็นภาษาไทย

Change to English
 แสดงรายละเอียดบรรณานุกรม
  กลับหน้าหลัก

Brief Record : Get Marc (ISO 2709) : E-mail record : QR code < ปิดหน้าต่าง
LEADER : 00000nam 2200000uu 4500
001    13399129219
003     ULIB
008    260511s2568||||th 000 0 tha d
020    ^a9786162986680
060 0  ^aW21.5^bล144อ
100 0  ^aลลนา ก้องธรนินทร์.
245 1  ^aอยู่ให้ได้ ตายให้ดี :^bเรียนรู้นาทีชีวิตจากห้องฉุกเฉิน /^cเรื่อง : ลลนา ก้องธรนินทร์, พรรณอร เฉลิมดำริชัย ; ภาพ : พัชรกันย์ พิศาลสุพงศ์ (Plariex).
250    ^aพิมพ์ครั้งที่ 1.
260    ^aกรุงเทพฯ :^bขายหัวเราะ studio,^c2568.
300    ^a141 หน้า :^bภาพประกอบ ;^c21 ซม.
650  4 ^aภาวะฉุกเฉินทางการแพทย์.
650  4 ^aเวชบำบัดวิกฤต.
650  4 ^aเวชศาสตร์ฉุกเฉิน.
700 0  ^aพรรณอร เฉลิมดำริชัย.
700 0  ^aพัชรกันย์ พิศาลสุพงศ์^eผู้วาดภาพประกอบ.
999    ^aประนอม เกษจรัล
รายการนี้ยังไม่มีแท็ก
คุณยังไม่ได้ล็อกอิน คุณสามารถมีกิจกรรมร่วมกับเว็บไซต์ได้ แต่ต้องล็อกอินก่อน ::
  ล็อกอิน

รายการสื่อสารสนเทศ

ลำดับที่ ประเภท เลขเรียก/บาร์โค้ด สถานที่ สถานะ
1. วิทยาศาสตร์การแพทย์ และสุขภาพ
วิทยาศาสตร์การแพทย์ และสุขภาพ
W21.5 ล144อ ฉ.1 
  Barcode: 012213
ห้องสมุดวิทยาเขตสวรรค์ประชารักษ์
►หนังสือทั่วไป
บนชั้น
*เพิ่งรับคืน

รายการใกล้เคียง
    หัวเรื่อง [เวชบำบัดวิกฤต.]
    หัวเรื่อง [เวชศาสตร์ฉุกเฉิน.]

BibComment


ยังไม่เคยถูกคอมเมนท์

คอมเมนท์ทรัพยากรรายการนี้
  คอมเมนท์: อยู่ให้ได้ ตายให..


 Copyright 2026. Bcnsprnw @Library